banner-ar

Villa of the birds : (Record no. 60590)

MARC details
000 -الفاتح
حقل البيانات ثابتة الطول 00944nam a22002417a 4500
005 - وقت وتاريخ اخر تعامل مع التسجيلة
رقم الضبط 20240530110418.0
008 - عناصر البيانات ثابتة الطول - معلومات عامة
حقل البيانات ثابتة الطول 150309s2007 ua a f b 001 0 eng d
020 ## - الرقم الدولى المعيارى للكتب
الرقم الدولى المعيارى للكتاب 9789774160769
035 ## - رقم ضبط النظام
رقم ضبط النظام (OCoLC)680623888
040 ## - مصدر الفهرسة
وكالة الفهرسة الأصلية EG-CaGPL
وكالة النسخ EG-CaGPL
082 04 - رقم تصنيف ديوى العشرى
رقم الطبعة 21
رقم التصنيف 930.10283
رقم المادة CC/K V
100 1# - المدخل الرئيسى - إسم شخصى
الإسم الشخصى Kolataj, Wojciech.
245 10 - بيان العنوان
العنوان Villa of the birds :
بقية العنوان the excavation and preservation of the Kom al-Dikka mosaics /
بيان المسئوليه,etc Wojciech Kolataj, Grzegorz Majcherek, and Ewa Parandowska.
260 ## - PUBLICATION, DISTRIBUTION, ETC. (IMPRINT)
تاريخ النشر أو التوزيع 2007
300 ## - الوصف المادى
التعداد x, 126, [8] p. of plates
تفاصيل ماديه اخرى للوعاء ill.
490 1# - بيان السلسلة
عنوان السلسلة American Research Center in Egypt Conservation series
رقم المجلد/ التعيين التسلسلي 3
500 ## - تبصرة عامة
تبصرة عامة "An American Research Center in Egypt edition."
650 #0 - المدخل الاضافى بالموضوع-مصطلح موضوعى
مصطلح موضوعي Excavations (Archaeology)
700 1# - المدخل الاضافى - اسم شخصى
الإسم الشخصى Majcherek, Grzegorz.
942 ## - عناصر المدخل الإضافي( كوها)
مصدر التصنيف او مخطط الترفيف Dewey Decimal Classification
Koha [default] item type كتاب
260 ## - PUBLICATION, DISTRIBUTION, ETC. (IMPRINT)
-- cairo :
-- American University in Cairo Press ,
856 ## - الوصول و الموقع الالكترونى
معرف المصدر الموحد http://ez.urosario.edu.co/login?url=http://site.ebrary.com/lib/urosario/Doc?id=10413298
Holdings
حالة التراجع حالة الفقد مصدر التصنيف او خطة الترفيف حالة تلف ليس للاعارة المكان المؤقت الموقع الحالى تاريخ الاكتساب اجمالي اﻻعارات رقم الطلب الباركود تاريخ اخر مشاهدة تاريخ تفعيل السعر نوع وعاء كوها
    ddc     مكتبة القاهرة الكبرى مكتبة القاهرة الكبرى 03/09/2015   930.10283 CC/K V 159687 03/09/2015 03/09/2015 كتاب

Powered By

EGPV